00367nmm a22001337a 450000500170000000800410001704100080005808200110006610000250007724500780010226000090018065000150018965000290020420170123170144.0150623b xxu||||| |||| 00| 0 spa d aspa aMD 236 aMarenco Reyes, Melba aInforme de Práctica Supervisada realizado en el Laboratorio Mauren Mora c2015 aCOSTA RICA aPRÓTESIS PROVISIONALES